000 00523nam a22001815i 4500
001 48418
003 ES-MaACL
005 20251005063041.0
007 t|
008 950714s1869 fr ||||1| fre d
040 _aCAM
_bspa
_cCAM
100 1 _aDebay, Auguste,
_d1802-1890
_943113
245 1 0 _aHygiène appliquée aux mois et aux saisons... /
_cpar A. Debay.
260 _aParis :
_bE. Dentu,
_c1869 (
_fE. Donnaud)
300 _aXI, 308 p. ;
_c19 cm.
852 _aES-MaACL
_jD-1523
999 _c48418
_d48418